000 00282nam a22001097a 4500
008 160425b xxu||||| |||| 00| 0 eng d
020 _a9781416023227
041 _aeng
080 _a618.2
245 _aMedical surgical nursing:
_cSusan Nickell Behmke; Sharon Souter;
942 _2udc
_cBK
999 _c1571
_d1571